| 000 | 00827nam1a22002291i 4500 | ||
|---|---|---|---|
| 001 | rc\897898 | ||
| 005 | 20240723223252.0 | ||
| 035 | _a(NLR Aleph) 006241533 | ||
| 090 |
_a6670633 _c6670633 |
||
| 100 | _a20041129g19839999u |0rusy50 ca | ||
| 101 | 0 | _arus | |
| 102 | _aRU | ||
| 105 | _ay ||||||||| | ||
| 200 | 1 |
_aНестационарные процессы в катализе _eМатериалы II всесоюз. конф. [14-16 дек. 1982 г. _eВ 2 ч.] _fПод ред. Ю.Ш. Матроса |
|
| 210 |
_aНовосибирск _cИК _d1983- |
||
| 215 | _d20 | ||
| 300 | _aВ надзаг.: АН СССР, Сиб. отд-ние, Ин-т катализа | ||
| 702 | 1 |
_aМатрос _bЮ.Ш. _gЮрий Шаевич _4340 |
|
| 801 | 0 |
_aRU _bNLR _gpsbo |
|
| 801 | 1 |
_aRU _bELAR _2rusmarc |
|
| 852 |
_aNLR _j83-3/11968 |
||
| 942 | _cBOOK | ||